<?xml version="1.0" encoding="UTF-8"?>
<record
    xmlns:xsi="http://www.w3.org/2001/XMLSchema-instance"
    xsi:schemaLocation="http://www.loc.gov/MARC21/slim http://www.loc.gov/standards/marcxml/schema/MARC21slim.xsd"
    xmlns="http://www.loc.gov/MARC21/slim">

  <leader>00515nam a2200169Ia 4500</leader>
  <controlfield tag="008">230718s9999    xx            000 0 und d</controlfield>
  <datafield tag="020" ind1=" " ind2=" ">
    <subfield code="a">9780852261507</subfield>
  </datafield>
  <datafield tag="041" ind1=" " ind2=" ">
    <subfield code="a">eng</subfield>
  </datafield>
  <datafield tag="082" ind1=" " ind2=" ">
    <subfield code="a">621.38</subfield>
    <subfield code="b">DAS</subfield>
  </datafield>
  <datafield tag="100" ind1=" " ind2=" ">
    <subfield code="a">Das J.</subfield>
    <subfield code="9">158443</subfield>
  </datafield>
  <datafield tag="245" ind1=" " ind2=" ">
    <subfield code="a">Principles Of Digital Communication</subfield>
    <subfield code="b">Signal Representation, Detection Estimation And Inforamation Coding </subfield>
  </datafield>
  <datafield tag="260" ind1=" " ind2=" ">
    <subfield code="c">2005</subfield>
    <subfield code="b">New Age</subfield>
  </datafield>
  <datafield tag="300" ind1=" " ind2=" ">
    <subfield code="a">645</subfield>
  </datafield>
  <datafield tag="365" ind1=" " ind2=" ">
    <subfield code="c">Rs.</subfield>
    <subfield code="b">235.00</subfield>
  </datafield>
  <datafield tag="700" ind1=" " ind2=" ">
    <subfield code="a">Das J., Mullick S.K. &amp; Chatterjee P.K.</subfield>
  </datafield>
  <datafield tag="906" ind1=" " ind2=" ">
    <subfield code="d">866/22.11.2005</subfield>
    <subfield code="c">ETC </subfield>
    <subfield code="b">47</subfield>
  </datafield>
  <datafield tag="999" ind1=" " ind2=" ">
    <subfield code="c">311583</subfield>
    <subfield code="d">311583</subfield>
  </datafield>
  <datafield tag="952" ind1=" " ind2=" ">
    <subfield code="0">0</subfield>
    <subfield code="1">0</subfield>
    <subfield code="4">0</subfield>
    <subfield code="7">0</subfield>
    <subfield code="a">CCEP</subfield>
    <subfield code="b">CCEP</subfield>
    <subfield code="d">2005-11-28</subfield>
    <subfield code="e">Goels Computer Hut</subfield>
    <subfield code="f">ETC </subfield>
    <subfield code="g">188.00</subfield>
    <subfield code="i">866/22.11.2005</subfield>
    <subfield code="l">0</subfield>
    <subfield code="o">621.38</subfield>
    <subfield code="p">CCEP-BK-22790</subfield>
    <subfield code="r">2023-07-18 00:00:00</subfield>
    <subfield code="t">47</subfield>
    <subfield code="v">235.00</subfield>
    <subfield code="w">2005-11-22</subfield>
    <subfield code="y">BK</subfield>
    <subfield code="z">022790</subfield>
  </datafield>
</record>
